Statistics for Tour de France 2014

Click here to take the quiz!

General Stats

  • This quiz has been taken 138 times
    (102 since last reset)
  • The average score is 41 of 198

Answer Stats

# Team Nationality Cyclist Time % Correct
1AstanaItalyVincenzo Nibali89 h 59' 06"
94%
3FDJFranceThibaut Pinot+ 8' 15"
94%
4MovistarSpainAlejandro Valverde+ 9' 40"
90%
6AG2RFranceRomain Bardet+ 11' 46"
81%
10BelkinNetherlandsBauke Mollema+ 21' 15"
77%
5BMCUSATejay van Garderen+ 11' 44"
74%
DNSTrekLuxembourgAndy SchleckDay 4
74%
12TrekLuxembourgFranck Schleck+ 25' 48"
74%
DNSOmega PharmaUnited KingdomMark CavendishDay 2
74%
23SkyAustraliaRichie Porte+ 1h 01' 08"
71%
11EuropcarFrancePierre Rolland+ 23' 07"
71%
2AG2RFranceJean Christophe Péraud+ 7' 37"
68%
DNFTinkoff-SaxoSpainAlberto ContadorDay 10
68%
60CannondaleSlovakiaPeter Sagan+ 2h 52' 52"
68%
DNFSkyUnited KingdomChristopher FroomeDay 5
68%
7NetAppCzech RepublicLeopold König+ 14' 32"
65%
42EuropcarFranceThomas Voeckler+ 2h 08' 38"
65%
13LottoBelgiumJurgen Van den Broeck+ 34' 01"
55%
44Tinkoff-SaxoPolandRafal Majka+ 2h 17' 53"
55%
9BelkinNetherlandsLaurens ten Dam+ 18' 11"
55%
22SkyWalesGeraint Thomas+ 59' 14"
55%
161GiantGermanyMarcel Kittel+ 5h 06' 27"
52%
39Tinkoff-SaxoIrelandNicolas Roche+ 1h 58' 45"
52%
DNSTrekSwitzerlandFabian CancellaraDay 11
52%
8TrekSpainHaimar Zubeldia+ 17' 57"
52%
149LottoGermanyAndré Greipel+ 4h 44' 54"
48%
47Omega PharmaGermanyTony Martin+ 2h 25' 35"
48%
26Tinkoff-SaxoAustraliaMichael Rogers+ 1h 17' 53"
45%
DNSLamprePortugalRui CostaDay 16
42%
54KatushaSpainJoaquim Rodriguez+ 2h 45' 17"
42%
17LampreUSAChristopher Horner+ 44' 31"
42%
28Omega PharmaPolandMichal Kwiatkowski+ 1h 21' 55"
39%
20AstanaEstoniaTanel Kangert+ 52' 11"
39%
82LottoDenmarkLars Bak+ 3h 23' 41"
39%
36AstanaDenmarkJakob Fuglsang+ 1h 54' 50"
39%
123GiantGermanyJohn Degenkolb+ 4h 06' 42"
35%
DNSGamin-SharpUSAAndrew TalanskyDay 12
35%
159FDJFranceArnaud Démare+ 5h 00' 29"
35%
90AG2RFranceSamuel Dumoulin+ 3h 38' 04"
35%
33GiantNetherlandsTom Dumoulin+ 1h 48' 00"
35%
DNSOricaAustraliaSimon GerransDay 17
35%
18SkySpainMikel Nieve+ 46' 31"
35%
141Garmin-SharpLithuaniaRamunas Navardauskas+ 4h 37' 42"
35%
142Omega PharmaAustraliaMark Renshaw+ 4h 39' 03"
32%
34IAMFranceSylvain Chavanel+ 1h 48' 13"
32%
125KatushaNorwayAlexander Kristoff+ 4h 11' 46"
32%
DNSIAMSwitzerlandMathias FrankDay 8
32%
97BelkinNetherlandsLars Boom+ 3h 41' 24"
32%
29LottoFranceTony Gallopin+ 1h 29' 24"
29%
DNSOricaUnited KingdomSimon YatesDay 16
29%
164GiantChinaCheng Ji+ 6h 02' 24"
29%
93Omega PharmaItalyMatteo Trentin+ 3h 38' 56"
29%
38BMCBelgiumGreg Van Avermaet+ 1h 56' 34"
26%
14KatushaRussiaYury Trofimov+ 36' 41"
26%
134Tinkoff-SaxoDenmarkMichael Morkov+ 4h 26' 29"
26%
150Bretagne SéchéFranceRomain Feillu+ 4h 45' 04"
26%
55Omega PharmaPolandMichal Golas+ 2h 49' 03"
26%
DNFCofidisSpainDaniel NavarroDay 13
26%
16Bretagne SéchéFranceBrice Feillu+ 43' 59"
26%
DNFLottoNew ZealandGregory HendersonDay 4
23%
103EuropcarFranceBryan Coquard+ 3h 44' 45"
23%
49AstanaItalyMichele Scarponi+ 2h 31' 40"
23%
19MovistarFranceJohn Gadret+ 47' 30"
23%
112CannondalePolandMaciej Bodnar+ 3h 52' 52"
19%
24Omega PharmaBelgiumJan Bakelants+ 1h 06' 28"
19%
88CofidisEstoniaRein Taaramäe+ 3h 35' 01"
19%
21AG2RLuxembourgBen Gastauer+ 58' 00"
19%
95AstanaUkraineAndriy Grivko+ 3h 39' 28"
19%
15BelkinNetherlandsSteven Kruijswijk+ 38' 15"
19%
74Garmin-SharpBelgiumJohan Vansummeren+ 3h 08' 40"
19%
27BMCSlovakiaPeter Velits+ 1h 19' 38"
19%
64LottoAustraliaAdam Hansen+ 2h 54' 18"
19%
31CofidisSpainLuis Angel Maté+ 1h 36' 52"
19%
131OricaCanadaSvein Tuft+ 4h 22' 52"
19%
43BMCSwitzerlandMichael Schär+ 2h 09' 43"
19%
145LottoGermanyMarcel Sieberg+ 4h 41' 21"
19%
120AG2RFranceChristophe Riblon+ 4h 04' 00"
19%
41MovistarSpainJon Izagirre+ 2h 00' 50"
19%
105BelkinBelgiumSep Vanmarcke+ 3h 45' 54"
16%
91MovistarSpainRubén Plaza+ 3h 38' 27"
16%
117BelkinBelgiumMaarten Wynants+ 4h 01' 09"
16%
69BMCItalyDaniel Oss+ 2h 58' 41"
16%
136KatushaItalyLuca Paolini+ 4h 29' 43"
16%
25EuropcarFranceCyril Gautier+ 1h 08' 47"
16%
70OricaSwitzerlandMichael Albasini+ 3h 05' 51"
16%
71NetAppCzech RepublicJan Barta+ 3h 07' 18"
16%
81MovistarSpainImanol Erviti+ 3h 22' 48"
13%
148Omega PharmaItalyAlessandro Petacchi+ 4h 44' 47"
13%
45BMCFranceAmaël Moinard+ 2h 19' 13"
13%
128EuropcarFranceYohann Gène+ 4h 19' 11"
13%
119Tinkoff-SaxoItalyMatteo Tosatto+ 4h 01' 53"
13%
140Garmin-SharpNetherlandsSebastian Langeveld+ 4h 34' 29"
13%
85IAMSwitzerlandSébastien Reichenbach+ 3h 27' 52"
13%
158FDJFranceWilliam Bonnet+ 4h 59' 57"
13%
72NetAppPortugalTiago Machado+ 3h 08' 03"
13%
75IAMSwitzerlandMartin Elmiger+ 3h 12' 10"
13%
63TrekSpainMarkel Irizar+ 2h 53' 44"
13%
DNFTrekNetherlandsDanny van PoppelDay 7
13%
94Omega PharmaNetherlandsNiki Terpstra+ 3h 39' 04"
13%
DNFFDJFranceArthur VichotDay 13
13%
92GiantNetherlandsKoen de Kort+ 3h 38' 52"
13%
DNFBMCColombiaDarwin AtapumaDay 7
13%
79AstanaNetherlandsLieuwe Westra+ 3h 21' 04"
13%
89Tinkoff-SaxoPortugalSérgio Paulinho+ 3h 36' 33"
13%
DNFLampreSpainRafael VallsDay 14
13%
52CannondaleItalyAlessandro De Marchi+ 2h 34' 54"
10%
37MovistarItalyGiovanni Visconti+ 1h 56' 28"
10%
48LampreColombiaJosé Serpa+ 2h 29' 06"
10%
46LampreCroatiaKristijan Durasek+ 2h 21' 18"
10%
126SkyAustriaBernhard Eisel+ 4h 13' 21"
10%
130AstanaKazakhstanDmitriy Gruzdev+ 4h 22' 33"
10%
DNFKatushaSloveniaSimon SpilakDay 17
10%
DSQMovistarSpainJosé RojasDay 18
10%
58IAMFranceJérôme Pineau+ 2h 51' 46"
10%
DNFTinkoff-SaxoSpainJesus Hernandez BlazquezDay 6
10%
163LampreItalyDavide Cimolai+ 5h 11' 58"
10%
61MovistarSpainJesus Herrada+ 2h 53' 18"
10%
86SkyBelarusVasil Kiryienka+ 3h 30' 23"
10%
77CofidisFranceNicolas Edet+ 3h 19' 34"
10%
96Tinkoff-SaxoItalyDaniele Bennati+ 3h 40' 46"
10%
101TrekSwitzerlandGrégory Rast+ 3h 43' 37"
10%
102FDJFranceCédric Pineau+ 3h 44' 22"
10%
137Garmin-SharpNew ZealandJack Bauer+ 4h 29' 57"
10%
104SkySpainDavid Lopez+ 3h 45' 13"
10%
68NetAppPolandBartosz Huzarski+ 2h 58' 00"
10%
DNFLampreSpainSacha ModoloDay 2
10%
65EuropcarJapanYukiya Arashiro+ 2h 55' 27"
10%
109CofidisFranceJulien Simon+ 3h 46' 56"
10%
DNFSkySpainXabier ZandioDay 6
10%
111LottoBelgiumJürgen Roelandts+ 3h 52' 39"
10%
146GiantNetherlandsAlbert Timmer+ 4h 42' 28"
6%
DNFCannondaleUSATed KingDay 10
6%
143FDJFranceMickaël Delage+ 4h 39' 40"
6%
DNFBelkinNetherlandsStef ClementDay 7
6%
DNFOricaAustraliaMathew HaymanDay 10
6%
156CofidisFranceAdrien Petit+ 4h 58' 20"
6%
100KatushaLatviaGatis Smukulis+ 3h 43' 25"
6%
DNFIAMAustraliaHeinrich HausslerDay 18
6%
56Garmin-SharpNetherlandsTom-Jelte Slagter+ 2h 49' 20"
6%
106Bretagne SéchéFranceFlorian Vachon+ 3h 46' 12"
6%
113OricaAustraliaSimon Clarke+ 3h 55' 38"
6%
87LamprePortugalNélson Oliveira+ 3h 30' 36"
6%
84AG2RFranceBlel Kadri+ 3h 26' 23"
6%
83EuropcarFrancePerrig Quémeneur+ 3h 25' 46"
6%
73EuropcarFranceKévin Reza+ 3h 08' 12"
6%
67OricaBelgiumJens Keukeleire+ 2h 56' 12"
6%
59AG2RFranceMickaël Chérel+ 2h 52' 00"
6%
108TrekGermanyJens Voigt+ 3h 46' 37"
6%
57FDJFranceJérémy Roy+ 2h 49' 28"
6%
53Garmin-SharpUSABenjamin King+ 2h 41' 59"
6%
50NetAppGermanyPaul Voß+ 2h 32' 48"
6%
124NetAppPortugalJosé Mendes+ 4h 07' 34"
6%
35BMCUSAPeter Stetina+ 1h 52' 36"
6%
30FDJFranceArnold Jeannesson+ 1h 33' 27"
6%
135CannondaleSloveniaKristjan Koren+ 4h 29' 14"
6%
110CofidisFranceCyril Lemoine+ 3h 47' 16"
6%
51CofidisFranceRudy Molard+ 2h 34' 22"
3%
40BelkinNetherlandsBram Tankink+ 1h 59' 02"
3%
76FDJFranceMatthieu Ladagnous+ 3h 14' 41"
3%
80CannondaleItalyMarco Marcato+ 3h 21' 16"
3%
DNSLampreArgentinaMaximiliano RichezeDay 6
3%
32IAMSwitzerlandMarcel Wyss+ 1h 38' 27"
3%
DNSIAMSwitzerlandReto HollensteinDay 17
3%
138Bretagne SéchéFranceArmindo Fonseca+ 4h 30' 52"
3%
98TrekUSAMatthew Busche+ 3h 41' 58"
3%
155GiantNetherlandsTom Veelers+ 4h 53' 23"
3%
152NetAppAustraliaZakkari Dempster+ 4h 46' 31"
3%
118CannondaleItalyFabio Sabatini+ 4h 01' 21"
3%
121OricaCanadaChristian Meier+ 4h 05' 13"
3%
153SkyUSADanny Pate+ 4h 47' 52"
3%
154BMCGermanyMarkus Burghardt+ 4h 48' 40"
3%
122OricaAustraliaLuke Durbridge+ 4h 05' 59"
3%
147AstanaItalyAlessandro Vanotti+ 4h 42' 48"
3%
116GiantNetherlandsRoy Curvers+ 3h 58' 23"
3%
144NetAppGermanyAndreas Schillinger+ 4h 40' 06"
3%
114MovistarSpainBenat Intxausti+ 3h 55' 53"
3%
160CannondaleFranceJean-Marc Marino+ 5h 03' 46"
3%
132Bretagne SéchéFranceArnaud Gérard+ 4h 24' 15"
3%
133BelkinNetherlandsTom Leezer+ 4h 24' 21"
3%
151Bretagne SéchéFranceBenoît Jarrier+ 4h 46' 28"
3%
DNFGarmin-SharpColombiaJanier AcevedoDay 13
0%
127Garmin-SharpUSAAlex Howes+ 4h 18' 43"
0%
129AstanaKazakhstanMaxim Iglinskiy+ 4h 22' 07"
0%
DNFGiantBelgiumDries DevenynsDay 14
0%
107EuropcarFranceAlexandre Pichot+ 3h 46' 35"
0%
HDKatushaRussiaAlexander PorsevDay 13
0%
DNFNetAppSpainDavid de la CruzDay 12
0%
162CannondaleItalyElia Viviani+ 5h 10' 40"
0%
66AG2RItalyMatteo Montaguti+ 2h 55' 47"
0%
DNFCofidisSpainEgoitz GarciaDay 9
0%
DNFLottoBelgiumBart De ClercqDay 8
0%
78Bretagne SéchéFranceAnthony Delaplace+ 3h 20' 48"
0%
157KatushaRussiaVladimir Isaichev+ 4h 58' 30"
0%
115Bretagne SéchéFranceJean-Marc Bideau+ 3h 58' 08"
0%
DNFKatushaRussiaEgor SilinDay 6
0%
139IAMGermanyRoger Kluge+ 4h 33' 45"
0%
99AG2RFranceSébastien Minard+ 3h 42' 23"
0%
62Bretagne SéchéFranceFlorian Guillou+ 2h 53' 20"
0%

Score Distribution

Percentile by Number Answered

Percent of People with Each Score

Your Score History

You have not taken this quiz since the last reset